The road to Emmaus / (Record no. 283945)
[ view plain ]
| 000 -LEADER | |
|---|---|
| fixed length control field | 00569nam a22002057a 4500 |
| 003 - CONTROL NUMBER IDENTIFIER | |
| control field | OSt |
| 005 - DATE AND TIME OF LATEST TRANSACTION | |
| control field | 20150511133304.0 |
| 008 - FIXED-LENGTH DATA ELEMENTS--GENERAL INFORMATION | |
| fixed length control field | 131001t xxu||||| |||| 00| 0 eng d |
| 020 ## - INTERNATIONAL STANDARD BOOK NUMBER | |
| International Standard Book Number | 9789710040759 |
| 020 ## - INTERNATIONAL STANDARD BOOK NUMBER | |
| International Standard Book Number | 9789710040858 |
| 050 ## - LIBRARY OF CONGRESS CALL NUMBER | |
| Classification number | BV 85 |
| Item number | .Ib12 2010 |
| 082 ## - DEWEY DECIMAL CLASSIFICATION NUMBER | |
| Classification number | GLT 248 |
| Item number | .Ib1 2010 |
| 100 ## - MAIN ENTRY--PERSONAL NAME | |
| Personal name | Ibanez, Rodolfo |
| 9 (RLIN) | 22685 |
| 245 ## - TITLE STATEMENT | |
| Title | The road to Emmaus / |
| Statement of responsibility, etc | Ibanez, Rodolfo. |
| 260 ## - PUBLICATION, DISTRIBUTION, ETC. (IMPRINT) | |
| Place of publication, distribution, etc | Makati City: |
| Name of publisher, distributor, etc | St. Pauls, |
| Date of publication, distribution, etc | 2010. |
| 300 ## - PHYSICAL DESCRIPTION | |
| Extent | xxix, 290 pages : |
| Other physical details | illustrations ; |
| Dimensions | 23 cm. |
| 650 ## - SUBJECT ADDED ENTRY--TOPICAL TERM | |
| Topical term or geographic name as entry element | Christian life |
| 9 (RLIN) | 1330 |
| 942 ## - ADDED ENTRY ELEMENTS (KOHA) | |
| Source of classification or shelving scheme | Library of Congress Classification |
| Koha item type | Books |
| Withdrawn status | Lost status | Source of classification or shelving scheme | Damaged status | Home library | Current library | Shelving location | Date acquired | Source of acquisition | Sub Shelving location | Total Checkouts | Full call number | Barcode | Date last seen | Price effective from | Koha item type |
|---|---|---|---|---|---|---|---|---|---|---|---|---|---|---|---|
| Library of Congress Classification | Southville International School Affiliated with Foreign Universities Library | Southville International School Affiliated with Foreign Universities Library | Southville Foreign University Section | 05/11/2015 | Library Fund | BV 85 .Ib12 2010 | SFU1925 | 05/15/2018 | 05/11/2015 | Books |